[Event "Sunway Sitges Open 2018"]
[Site "Sitges ESP"]
[Date "2018.12.16"]
[Round "3.15"]
[White "Vaishali, R"]
[Black "Indjic, Aleksandar"]
[Result "0-1"]
[WhiteTitle "WGM"]
[BlackTitle "GM"]
[WhiteElo "2329"]
[BlackElo "2620"]
[WhiteFideId "5091756"]
[BlackFideId "911925"]
[EventDate "2018.12.14"]

1. e4 c6 2. d4 d5 3. exd5 cxd5 4. Bd3 Nc6 5. c3 Qc7 6. Ne2 Bg4 7. O-O e6 8. Qe1
Nf6 9. f3 Bh5 10. Qh4 Rg8 11. Bg5 Bg6 12. Nf4 Bd6 13. Na3 a6 14. c4 Bxd3 15.
Nxd3 Bxa3 16. cxd5 Bxb2 17. Nxb2 Nxd5 18. Qxh7 Kf8 19. Nd3 Nxd4 20. Kh1 Nf5 21.
Rac1 Qd6 22. Rfd1 f6 23. Nf4 Nfe7 24. Qe4 Kf7 25. Re1 Rh8 26. h3 fxg5 27. Nxe6
Qg3 28. Re2 Rh4 29. f4 gxf4 30. Nc7 Rah8 31. Qe6+ Kf8 0-1

[Event "Sunway Sitges Open 2018"]
[Site "Sitges ESP"]
[Date "2018.12.16"]
[Round "3.16"]
[White "Romanishin, Oleg M"]
[Black "Gordievsky, Dmitry"]
[Result "1/2-1/2"]
[WhiteTitle "GM"]
[BlackTitle "GM"]
[WhiteElo "2451"]
[BlackElo "2614"]
[WhiteFideId "14100088"]
[BlackFideId "24112798"]
[EventDate "2018.12.14"]

1. d4 g6 2. Nf3 Bg7 3. g3 c5 4. c3 Qc7 5. Bg2 Nf6 6. O-O O-O 7. a4 d6 8. Na3 a6
9. d5 Nbd7 10. Re1 Rb8 11. c4 b6 12. e4 Bb7 13. Nb1 e6 14. Nc3 exd5 15. exd5 Ng4
16. Bd2 Nge5 17. Nxe5 Nxe5 18. Qe2 Bc8 19. Ne4 Bg4 20. f3 Bf5 21. Bc3 Bxe4 22.
Qxe4 Nd7 23. Qc2 Bxc3 24. Qxc3 Qd8 25. Bh3 Nf6 26. Re2 Re8 27. Rae1 Rxe2 28.
Rxe2 b5 29. axb5 axb5 30. b3 bxc4 31. bxc4 Rb1+ 32. Kf2 Kg7 33. Rb2 Rxb2+ 34.
Qxb2 Qa5 35. Bf1 Qb4 36. Qc1 Qb3 37. Be2 Qb7 38. Qa1 Qe7 39. Qb2 h5 40. h4 Kh7
41. Bf1 Ne8 42. Qe2 Qd7 43. Qe3 Nf6 44. Qf4 Kg7 45. Be2 Qe7 46. Qe3 Qd7 47. Qf4
Qc7 48. Qe3 Qd8 49. Qf4 Qf8 50. Qe3 Nd7 51. Qc3+ Kg8 52. Bf1 Qa8 53. Be2 Qa2 54.
f4 Qb1 55. Kg2 Qe4+ 56. Kf2 Qd4+ 57. Qxd4 cxd4 58. f5 Ne5 59. fxg6 fxg6 60. Ke1
Kf7 61. Kd2 Ke7 62. Kc2 Kf6 63. Bd3 Ke7 64. Be2 Kd7 65. Kb3 Kc7 66. Kb4 d3 67.
Bd1 Kb6 68. Kc3 Kc5 69. Bb3 d2 70. Kxd2 Nxc4+ 71. Kd3 Ne5+ 1/2-1/2

[Event "Sunway Sitges Open 2018"]
[Site "Sitges ESP"]
[Date "2018.12.16"]
[Round "3.17"]
[White "Roy, Prantik"]
[Black "Liang, Awonder"]
[Result "0-1"]
[WhiteTitle "IM"]
[BlackTitle "GM"]
[WhiteElo "2382"]
[BlackElo "2589"]
[WhiteFideId "5035120"]
[BlackFideId "2056437"]
[EventDate "2018.12.14"]

1. d4 Nf6 2. Bg5 d5 3. Bxf6 exf6 4. e3 Bd6 5. c4 dxc4 6. Bxc4 O-O 7. Nf3 c5 8.
d5 Nd7 9. Nc3 a6 10. a4 f5 11. Qc2 f4 12. O-O fxe3 13. Rae1 exf2+ 14. Qxf2 Nf6
15. Qh4 Bf5 16. Ne5 Bxe5 17. Rxe5 Bg6 18. Rfe1 Qd6 19. Re7 Rae8 20. Rxb7 Rxe1+
21. Qxe1 Qf4 22. Bxa6 Ng4 23. g3 Qd4+ 24. Kh1 Nf2+ 25. Kg2 Ne4 26. Re7 Qf6 27.
Rxe4 Bxe4+ 28. Nxe4 Qxa6 29. Nxc5 Qc4 30. b4 Qxd5+ 31. Kf2 Qa2+ 32. Qe2 Qb1 33.
Qe4 Qb2+ 34. Kf3 Rb8 35. Nd3 Qxh2 36. a5 Qh1+ 37. Ke3 Qa1 38. Qc6 Rd8 39. Qc4
Qd1 40. a6 Re8+ 41. Kd4 Qa1+ 42. Kd5 Qf6 43. b5 h5 44. Qf4 Qc3 45. Nc5 Rd8+ 46.
Kc6 Rc8+ 47. Kb7 Qxc5 48. a7 Re8 49. b6 Qc8# 0-1

[Event "Sunway Sitges Open 2018"]
[Site "Sitges ESP"]
[Date "2018.12.16"]
[Round "3.18"]
[White "Baghdasaryan, Vahe"]
[Black "Santos Latasa, Jaime"]
[Result "0-1"]
[WhiteTitle "GM"]
[BlackTitle "GM"]
[WhiteElo "2376"]
[BlackElo "2584"]
[WhiteFideId "13303139"]
[BlackFideId "2293307"]
[EventDate "2018.12.14"]

1. e4 e5 2. Nf3 Nc6 3. Bc4 Bc5 4. b4 Bxb4 5. c3 Bc5 6. d4 exd4 7. cxd4 Bb6 8.
Bb2 Na5 9. Bd3 Ne7 10. d5 O-O 11. Qc2 d6 12. Nc3 c6 13. e5 h6 14. exd6 Nxd5 15.
Nxd5 cxd5 16. Qc3 Re8+ 17. Kf1 f6 18. Bg6 Re6 19. Ng5 hxg5 20. Qf3 Nc4 21. Rd1
Bd7 22. Qxd5 Nxb2 23. Re1 Qc8 24. Bf5 Kf7 25. h4 Qc4+ 26. Qxc4 Nxc4 27. Bxe6+
Bxe6 28. hxg5 fxg5 0-1

[Event "Sunway Sitges Open 2018"]
[Site "Sitges ESP"]
[Date "2018.12.16"]
[Round "3.19"]
[White "Pogorelov, Ruslan"]
[Black "Xu, Xiangyu"]
[Result "1/2-1/2"]
[WhiteTitle "GM"]
[BlackTitle "GM"]
[WhiteElo "2354"]
[BlackElo "2565"]
[WhiteFideId "14100363"]
[BlackFideId "8608288"]
[EventDate "2018.12.14"]

1. Nf3 g6 2. d4 Nf6 3. c4 Bg7 4. Nc3 d5 5. cxd5 Nxd5 6. e4 Nxc3 7. bxc3 c5 8.
Be3 O-O 9. Be2 Qa5 10. Bd2 Bg4 11. a4 cxd4 12. cxd4 Qd8 13. Be3 Nc6 14. d5 Bxa1
15. Qxa1 Nb4 16. Qb2 Bxf3 17. gxf3 a5 18. Bh6 f6 19. Bxf8 Kxf8 20. O-O Rc8 21.
Rc1 Rc7 22. Qd2 Kg7 23. Kg2 Qc8 24. Rxc7 Qxc7 25. f4 b6 26. Bb5 Qc5 27. Qe3 Qd6
28. Qc1 Na2 29. Qc4 Nb4 30. Qc1 Kh6 31. h4 f5 32. f3 Qf6 33. e5 Qxh4 34. Qd2
Nxd5 35. Qxd5 Qxf4 36. Kf2 Kg5 37. Qe6 Qd4+ 38. Kg2 Kf4 39. Qxe7 Qd2+ 40. Kh3 g5
41. Qf7 g4+ 42. fxg4 Qe3+ 43. Kg2 Qf3+ 44. Kh2 Kxe5 1/2-1/2

[Event "Sunway Sitges Open 2018"]
[Site "Sitges ESP"]
[Date "2018.12.16"]
[Round "3.20"]
[White "Praggnanandhaa, R"]
[Black "Perez Mitjans, Orelvis"]
[Result "1-0"]
[WhiteTitle "GM"]
[BlackTitle "GM"]
[WhiteElo "2530"]
[BlackElo "2396"]
[WhiteFideId "25059530"]
[BlackFideId "3502856"]
[EventDate "2018.12.14"]

1. e4 c5 2. Nf3 e6 3. d4 cxd4 4. Nxd4 a6 5. Be2 Nf6 6. Nc3 Qc7 7. O-O d6 8. f4
Be7 9. g4 Nc6 10. g5 Nd7 11. Be3 Na5 12. f5 Ne5 13. fxe6 fxe6 14. Nb3 Nac4 15.
Bxc4 Qxc4 16. Qh5+ g6 17. Qh6 Bf8 18. Qh4 Bd7 19. Rad1 Qc7 20. Qf2 Be7 21. Bb6
Qc4 22. Na5 Qb4 23. Qd4 Qxd4+ 24. Bxd4 b5 25. Nb7 b4 26. Ne2 Bb5 27. Rf2 Bxe2
28. Rxe2 Nf3+ 29. Kg2 O-O 30. Bf2 Nxg5 31. Bh4 Rf4 32. Bxg5 Rg4+ 33. Kh1 Rxg5
34. Nxd6 Rf8 35. e5 Rf4 36. c4 bxc3 37. bxc3 Rf3 38. c4 Rg4 39. Rc2 Re3 40. c5
Rxe5 41. Nb7 Rf5 42. c6 Rf8 43. c7 Rc8 44. Rd7 Kf8 45. Nd6 1-0

[Event "Sunway Sitges Open 2018"]
[Site "Sitges ESP"]
[Date "2018.12.16"]
[Round "3.21"]
[White "Lillo Castany, Victor"]
[Black "Santos Ruiz, Miguel"]
[Result "0-1"]
[WhiteTitle "FM"]
[BlackTitle "GM"]
[WhiteElo "2336"]
[BlackElo "2523"]
[WhiteFideId "2278995"]
[BlackFideId "22291482"]
[EventDate "2018.12.14"]

1. e4 c5 2. Nf3 d6 3. Bb5+ Nd7 4. O-O a6 5. Bd3 Ngf6 6. Re1 e6 7. c3 b5 8. Bc2
c4 9. a4 Bb7 10. d4 cxd3 11. Bxd3 bxa4 12. Qxa4 Be7 13. h3 O-O 14. Be3 Qc7 15.
Nbd2 a5 16. Qc2 Nc5 17. Bxc5 Qxc5 18. Nb3 Qc7 19. Ra2 Bc6 20. Rea1 a4 21. Nbd4
Bd7 22. Bb5 Bxb5 23. Nxb5 Qc6 24. Nfd4 Qxe4 25. Qxe4 Nxe4 26. Rxa4 Rxa4 27. Rxa4
d5 28. f3 Nc5 29. Ra7 Bf6 30. b4 Nd3 31. Rb7 Ra8 32. Na7 e5 33. Ndc6 e4 34. fxe4
dxe4 35. Nd4 Bxd4+ 36. cxd4 Re8 37. Nb5 e3 38. Nc3 Nf4 39. d5 e2 40. Nxe2 Nxe2+
41. Kf2 Nc3 0-1

[Event "Sunway Sitges Open 2018"]
[Site "Sitges ESP"]
[Date "2018.12.16"]
[Round "3.23"]
[White "Priyanka, Nutakki"]
[Black "Stella, Andrea"]
[Result "0-1"]
[WhiteTitle "WIM"]
[BlackTitle "GM"]
[WhiteElo "2293"]
[BlackElo "2503"]
[WhiteFideId "25049615"]
[BlackFideId "827061"]
[EventDate "2018.12.14"]

1. c4 c5 2. Nc3 g6 3. Nf3 Bg7 4. e3 Nf6 5. d4 cxd4 6. exd4 d5 7. cxd5 O-O 8. Qb3
Nbd7 9. Bc4 Nb6 10. O-O Bf5 11. Nh4 Bc2 12. Qxc2 Nxc4 13. Bg5 Nxd5 14. Nxd5 Qxd5
15. Bxe7 Rfc8 16. Rac1 Qxd4 17. b3 Nb6 18. Qb1 Nd5 19. Rfd1 Nc3 20. Rxd4 Nxb1
21. Rdc4 Nc3 22. Rxc8+ Rxc8 23. Kf1 Re8 24. Ba3 Nxa2 25. Rc7 b5 26. Rxa7 b4 27.
Bb2 Nc3 28. Ra1 Ne4 29. Bxg7 Nd2+ 30. Kg1 Nxb3 31. Rb1 Nd2 32. Rd1 Kxg7 33. h3
Nc4 34. Rc1 Rc8 35. Rb1 Rb8 36. Rb3 Na5 37. Rb1 b3 38. Nf3 Nc4 39. Ne1 b2 40.
Nd3 Rb3 0-1

[Event "Sunway Sitges Open 2018"]
[Site "Sitges ESP"]
[Date "2018.12.16"]
[Round "3.24"]
[White "Vasquez Schroeder, Rodrigo"]
[Black "Garcia Ramos, Daniel"]
[Result "1-0"]
[WhiteTitle "GM"]
[BlackTitle "FM"]
[WhiteElo "2495"]
[BlackElo "2304"]
[WhiteFideId "3400042"]
[BlackFideId "32010311"]
[EventDate "2018.12.14"]

1. d4 Nf6 2. c4 e6 3. Nf3 b6 4. Nc3 Bb7 5. a3 d5 6. Bg5 Be7 7. Bxf6 Bxf6 8. cxd5
exd5 9. Qb3 O-O 10. Rd1 Re8 11. e3 a6 12. Be2 Qd6 13. O-O Nd7 14. Qa2 b5 15. Ne1
c6 16. Bg4 Nb6 17. Nd3 Bc8 18. Bxc8 Rexc8 19. a4 b4 20. Ne2 Nd7 21. Nec1 Be7 22.
Nb3 Qg6 23. a5 Rab8 24. Rd2 Bd6 25. Qb1 Nf6 26. Rc1 Ne4 27. Rdc2 Rb5 28. Rd1 Ng5
29. Ne1 Re8 30. Qc1 Re6 31. f4 Nh3+ 32. Kh1 Qe4 33. Nd3 Rg6 34. Qd2 h5 35. Rxc6
Kh7 36. Rxd6 Rxd6 37. Nbc5 Qf5 38. gxh3 Qxh3 39. Qf2 Rxa5 40. Nb7 Re6 41. Nxa5
Rxe3 42. Ne1 Qe6 43. Ng2 Re2 44. Qf3 Rxb2 45. Qxh5+ Kg8 46. Re1 Qd7 47. Nb7 1-0

[Event "Sunway Sitges Open 2018"]
[Site "Sitges ESP"]
[Date "2018.12.16"]
[Round "3.25"]
[White "Ortega Ruiz, Jose Miguel"]
[Black "Sosa, Tomas ARG"]
[Result "0-1"]
[WhiteTitle "FM"]
[BlackTitle "IM"]
[WhiteElo "2298"]
[BlackElo "2488"]
[WhiteFideId "2209713"]
[BlackFideId "121576"]
[EventDate "2018.12.14"]

1. d4 Nf6 2. c4 c5 3. d5 b5 4. Nf3 g6 5. cxb5 a6 6. b6 Bg7 7. Nc3 d6 8. e4 Nbd7
9. a4 Nxb6 10. a5 Nbd7 11. Nd2 O-O 12. Be2 Ne8 13. Nc4 Nc7 14. O-O Nb5 15. Na4
Nd4 16. Ra3 Ra7 17. Be3 Nb5 18. Rb3 Nf6 19. f3 e6 20. dxe6 Bxe6 21. Nab6 Nd7 22.
Nd5 Nd4 23. Rd3 Bxd5 24. exd5 Ne5 25. Rxd4 cxd4 26. Bxd4 Re7 27. Nb6 Qc7 28.
Bxa6 Qa7 29. f4 Qxa6 30. fxe5 Bxe5 31. b4 Qb5 32. Bxe5 Rxe5 33. Qd4 Rfe8 34. Qc4
Qxc4 35. Nxc4 Rxd5 36. a6 Rd4 37. Rc1 d5 38. Nd6 Rd8 39. Nb7 Ra8 40. b5 Rb4 41.
Nd6 Kg7 42. Rc6 Rb2 43. Kf1 d4 44. Rc4 d3 45. Rd4 d2 46. h3 Kf6 47. Ke2 Ke6 48.
Ne8 Ra7 49. Re4+ Kd5 50. Nf6+ Kc5 51. Re5+ Kd6 52. Rg5 Re7+ 0-1

[Event "Sunway Sitges Open 2018"]
[Site "Sitges ESP"]
[Date "2018.12.16"]
[Round "3.79"]
[White "Dev, Shah"]
[Black "Munoz Suarez, Luis Alberto"]
[Result "1-0"]
[WhiteTitle "CM"]
[WhiteElo "2159"]
[BlackElo "1937"]
[WhiteFideId "35019058"]
[BlackFideId "2287820"]
[EventDate "2018.12.14"]

1. d4 Nf6 2. c4 g6 3. Nc3 Bg7 4. e4 d6 5. f3 O-O 6. Be3 e5 7. Nge2 Nh5 8. g4 Nf4
9. Nxf4 exf4 10. Bxf4 f5 11. gxf5 gxf5 12. Qd2 Qh4+ 13. Bg3 Qh5 14. Be2 fxe4 15.
fxe4 Bg4 16. Rg1 Nc6 17. Bxg4 Qxg4 18. Bf2 Qh5 19. Qg5 Qxg5 20. Rxg5 Kh8 21. Rd1
Rf7 22. Rg2 Re8 23. Ke2 Na5 24. b3 c5 25. Rd3 Nc6 26. dxc5 Ne5 27. Rdg3 Ng6 28.
Nd5 dxc5 29. Bxc5 b6 30. Bb4 Rxe4+ 31. Re3 Rxe3+ 32. Kxe3 Rd7 1-0

[Event "Sunway Sitges Open 2018"]
[Site "Sitges ESP"]
[Date "2018.12.17"]
[Round "4.1"]
[White "Lopez Martinez, Josep Manuel"]
[Black "Andreikin, Dmitry"]
[Result "1-0"]
[WhiteTitle "GM"]
[BlackTitle "GM"]
[WhiteElo "2580"]
[BlackElo "2719"]
[WhiteFideId "2212943"]
[BlackFideId "4158814"]
[EventDate "2018.12.14"]

1. d4 Nf6 2. c4 e6 3. Nf3 a6 4. Nc3 d5 5. cxd5 exd5 6. Bg5 Be6 7. e3 Nbd7 8. Bd3
h6 9. Bh4 Bd6 10. Bg3 Bxg3 11. hxg3 c6 12. Qc2 Qe7 13. O-O O-O 14. Rfe1 Qd6 15.
Rab1 Bg4 16. b4 Rfe8 17. Na4 Re7 18. Nc5 Qc7 19. Nxd7 Nxd7 20. a4 Qd6 21. Nh2
Bh5 22. Rec1 Nb6 23. Qc5 Qd8 24. Ra1 Bg6 25. Bf1 Be4 26. Qc3 Rc8 27. Be2 Bf5 28.
Nf1 Rec7 29. Qc5 Nd7 30. Qd6 Qf8 31. Qxf8+ Kxf8 32. Nd2 Ke7 33. Nb3 Kd6 34. g4
Be6 35. f3 Ra8 36. Rc3 b6 37. a5 b5 38. Kf2 Re8 39. Rac1 Rcc8 40. Bd3 Re7 41.
Nd2 Nf6 42. Nf1 Bd7 43. Ng3 Ree8 44. Bf5 Be6 45. Rh1 Kc7 46. Ne2 Rcd8 47. Nf4
Rd6 48. Nd3 Nd7 49. Rhc1 Kb7 50. Nf4 g5 51. Nd3 Bxf5 52. gxf5 h5 53. Rh1 h4 54.
g3 Rh6 55. gxh4 gxh4 56. Rcc1 Reh8 57. Rcg1 R8h7 58. Rh3 Kc7 59. e4 dxe4 60.
fxe4 Rh8 61. Rg7 R6h7 62. Rxh7 Rxh7 63. Kf3 Nf6 64. Nc5 Rh6 65. Nxa6+ Kc8 66.
Nc5 Nh7 67. Kg4 1-0

[Event "Sunway Sitges Open 2018"]
[Site "Sitges ESP"]
[Date "2018.12.17"]
[Round "4.2"]
[White "Sasikiran, Krishnan"]
[Black "Petrosyan, Manuel"]
[Result "1/2-1/2"]
[WhiteTitle "GM"]
[BlackTitle "GM"]
[WhiteElo "2673"]
[BlackElo "2565"]
[WhiteFideId "5004985"]
[BlackFideId "13300857"]
[EventDate "2018.12.14"]

1. Nf3 d5 2. g3 g6 3. Bg2 Bg7 4. d4 Nd7 5. O-O Ngf6 6. c4 dxc4 7. Na3 Nb6 8.
Nxc4 Nxc4 9. Qa4+ c6 10. Qxc4 Be6 11. Qb4 Qb6 12. Qa3 Bd5 13. e3 a5 14. Bd2 Ne4
15. Rfc1 O-O 16. Be1 Nd6 17. Qd3 Rfd8 18. Qe2 a4 19. a3 Qb5 20. Qxb5 Nxb5 21.
Bb4 Bxf3 22. Bxf3 e5 23. dxe5 Bxe5 24. Rc2 f5 25. Be2 Nc7 26. Rb1 Nd5 27. Be1
Kf7 28. Kg2 h5 29. b3 axb3 30. Rxb3 Rd7 31. Rc4 Ra7 32. Bf3 Bd6 33. a4 Bc7 34.
e4 fxe4 35. Bxe4 Ba5 36. Bxa5 Rxa5 37. Bxd5+ Raxd5 38. Rcb4 b5 39. axb5 cxb5 40.
Rxb5 Rxb5 41. Rxb5 Rd3 42. Re5 Kf6 43. Re3 Rd2 44. Rf3+ Kg7 45. h4 Ra2 46. Rd3
Kf6 47. Kf3 Rb2 48. Ke3 Ra2 49. Rd2 Ra4 50. Rd6+ Kg7 51. Re6 Ra2 52. Rd6 Ra4 53.
Rc6 Ra2 54. Rc4 Kf6 55. f3 Kg7 56. Rc7+ Kf6 57. Rc6+ Kg7 58. Rd6 Ra4 59. Rd4 Ra5
60. Ke4 Ra3 61. Rd3 Ra1 62. Rd7+ Kf6 63. Rd6+ Kg7 64. Ke5 Re1+ 65. Kf4 Ra1 66.
Rd5 Kf6 67. Rd6+ Kg7 68. Re6 Kf7 69. Rc6 Kg7 70. Rd6 Ra5 71. Ke4 Ra1 72. g4 hxg4
73. fxg4 Ra4+ 74. Rd4 Ra7 75. Rd5 Kh6 76. Rd4 Ra5 77. Ke3 Ra3+ 78. Rd3 Ra1 79.
Kf3 Ra4 80. Re3 Ra6 81. Kg3 Rb6 82. Re7 Rb3+ 83. Kg2 Rb2+ 84. Kf3 Rb3+ 85. Re3
Rb6 86. Rd3 Rf6+ 87. Ke4 Re6+ 88. Kf4 Ra6 89. Ke5 Ra5+ 90. Rd5 Ra4 91. Rd4 Ra5+
92. Ke6 Ra6+ 93. Kf7 Ra7+ 94. Ke8 Ra8+ 95. Ke7 Ra7+ 96. Ke6 Ra6+ 97. Ke5 Ra5+
98. Ke4 Ra6 99. Kf3 Rf6+ 100. Rf4 Rxf4+ 101. Kxf4 g5+ 102. Kf5 gxh4 103. g5+ Kg7
104. Kg4 Kg6 105. Kxh4 Kg7 106. Kh5 Kh7 107. g6+ Kg7 108. Kg5 Kg8 109. Kf6 Kf8
110. g7+ Kg8 111. Kg6 1/2-1/2

[Event "Sunway Sitges Open 2018"]
[Site "Sitges ESP"]
[Date "2018.12.17"]
[Round "4.3"]
[White "Vocaturo, Daniele"]
[Black "Kulaots, Kaido"]
[Result "1/2-1/2"]
[WhiteTitle "GM"]
[BlackTitle "GM"]
[WhiteElo "2629"]
[BlackElo "2555"]
[WhiteFideId "813192"]
[BlackFideId "4500261"]
[EventDate "2018.12.14"]

1. e4 c5 2. Nf3 d6 3. Bb5+ Bd7 4. Bxd7+ Qxd7 5. c4 g6 6. d4 cxd4 7. Nxd4 Bg7 8.
Nc3 Nf6 9. f3 O-O 10. Be3 Nc6 11. O-O a6 12. Qd3 Ne5 13. Qe2 e6 14. b3 Qd8 15.
Rac1 Qa5 16. Rfd1 Ned7 17. Na4 Rac8 18. Bd2 Qe5 19. Bc3 Qg5 20. Bd2 Qe5 21. Be1
b5 22. Nb2 Qg5 23. Bd2 Qc5 24. Be3 Qa3 25. cxb5 axb5 26. Nd3 Rxc1 27. Nxc1 d5
28. Nxb5 Qa5 29. a4 dxe4 30. fxe4 Rc8 31. Bd4 Qa8 32. Nd6 Rb8 33. e5 Nd5 34. Rf1
Rb4 35. Qf2 Rxd4 36. Qxd4 Bxe5 37. Qf2 N7f6 38. Nc4 Bxh2+ 39. Kh1 Bb8 40. Qf3
Qb7 41. Ne2 Qc7 42. g3 e5 43. Nc3 Nxc3 44. Qxf6 Ne4 45. Qf3 Ng5 46. Qe3 h6 47.
Nxe5 Qc8 48. Kg1 Qb7 49. Kh2 Qc8 50. Kg1 Qb7 51. Kh2 Qc8 52. Kg2 Qe6 53. Ng4
Qxg4 54. Qe8+ Kg7 55. Qxb8 Qe4+ 56. Kg1 Qe3+ 57. Kg2 Qe4+ 58. Kg1 Qe2 59. Qb5
Qe3+ 60. Kg2 Qe4+ 61. Kh2 Qc2+ 62. Kh1 Qe4+ 63. Kh2 Qc2+ 64. Kh1 Qe4+ 65. Kh2 1/2-1/2

[Event "Sunway Sitges Open 2018"]
[Site "Sitges ESP"]
[Date "2018.12.17"]
[Round "4.4"]
[White "Nihal, Sarin"]
[Black "Adly, Ahmed"]
[Result "1-0"]
[WhiteTitle "GM"]
[BlackTitle "GM"]
[WhiteElo "2576"]
[BlackElo "2626"]
[WhiteFideId "25092340"]
[BlackFideId "10601619"]
[EventDate "2018.12.14"]

1. e4 c5 2. Nf3 d6 3. d4 Nf6 4. Nc3 cxd4 5. Nxd4 a6 6. Be2 e5 7. Nf3 Be7 8. Bg5
Nbd7 9. a4 h6 10. Be3 b6 11. Nd2 Bb7 12. Bc4 Qc7 13. Qe2 Nc5 14. Bxc5 Qxc5 15.
O-O O-O 16. Rfe1 Rfc8 17. Rad1 Bf8 18. Bb3 Bc6 19. Qc4 Be8 20. Qxc5 dxc5 21. Nc4
b5 22. Nb6 c4 23. Ba2 Bb4 24. Nxa8 Rxa8 25. Re3 Bc5 26. Re2 Bd4 27. Nb1 Bd7 28.
Kf1 Kf8 29. c3 Bc5 30. f3 Be6 31. Nd2 g5 32. g3 Ke7 33. Kg2 Nd7 34. a5 Rc8 35.
b4 Ba7 36. Nf1 Nf8 37. Ne3 Bxe3 38. Rxe3 Ng6 39. Re2 Rd8 40. Rxd8 Kxd8 41. Rd2+
Ke7 42. Bb1 h5 43. Bc2 Bd7 44. Bd1 h4 45. Be2 Be6 46. Kf2 Bc8 47. Bf1 Be6 48.
Ke3 Bc8 49. Rg2 Bh3 50. Rg1 Be6 51. gxh4 gxh4 52. Rg5 Kd6 53. Be2 Bd7 54. f4
exf4+ 55. Kd4 Be8 56. Rf5 Nf8 57. Rd5+ Ke7 58. Bg4 Ne6+ 59. Bxe6 fxe6 60. Rc5
Kd6 61. Rg5 Bc6 62. e5+ Kd7 63. Rg4 1-0

[Event "Sunway Sitges Open 2018"]
[Site "Sitges ESP"]
[Date "2018.12.17"]
[Round "4.5"]
[White "Alonso Rosell, Alvar"]
[Black "Lagarde, Maxime"]
[Result "1-0"]
[WhiteTitle "GM"]
[BlackTitle "GM"]
[WhiteElo "2524"]
[BlackElo "2616"]
[WhiteFideId "2270544"]
[BlackFideId "662399"]
[EventDate "2018.12.14"]

1. d4 Nf6 2. Nf3 g6 3. g3 Bg7 4. Bg2 O-O 5. O-O d6 6. b3 c5 7. c4 d5 8. Bb2 cxd4
9. Nxd4 e5 10. Nf3 e4 11. Nd4 e3 12. f3 dxc4 13. Na3 c3 14. Bxc3 Qe7 15. Nc4 Rd8
16. Qc1 Nd5 17. Bb2 b6 18. f4 Bb7 19. Ne5 Qe8 20. Rd1 Na6 21. Ndc6 Rac8 22. Bxd5
Bxe5 23. Bxf7+ Kxf7 24. Qc4+ Kg7 25. Bxe5+ Kh6 26. Rxd8 Rxd8 27. Nxd8 Qxd8 1-0

[Event "Sunway Sitges Open 2018"]
[Site "Sitges ESP"]
[Date "2018.12.17"]
[Round "4.6"]
[White "Liang, Awonder"]
[Black "Sadhwani, Raunak"]
[Result "1-0"]
[WhiteTitle "GM"]
[BlackTitle "IM"]
[WhiteElo "2589"]
[BlackElo "2434"]
[WhiteFideId "2056437"]
[BlackFideId "35093487"]
[EventDate "2018.12.14"]

1. c4 e5 2. g3 c6 3. Nf3 e4 4. Nd4 d5 5. cxd5 Qxd5 6. e3 Nf6 7. Nc3 Qe5 8. Bg2
Bc5 9. Nb3 Bb6 10. d4 exd3 11. Qxd3 O-O 12. Qe2 a5 13. O-O Bg4 14. Qc2 Nbd7 15.
h3 Be6 16. Qe2 a4 17. Nd2 a3 18. Kh2 Nd5 19. Nd1 Nb4 20. f4 Qc5 21. bxa3 Nc2 22.
f5 Nxa1 23. fxe6 Qxc1 24. exd7 Qc2 25. Nf2 Ba5 26. Nfe4 Qxa2 27. Qg4 Bxd2 28.
Nf6+ Kh8 29. Qf5 Qc2 30. Be4 g6 31. Qg4 Qb2 32. Rf2 Qe5 33. Qh4 h5 34. Rf5 Qxf5
35. Bxf5 Rfd8 36. Qd4 Nb3 37. Qe5 Kg7 38. Bc2 Ra5 39. Qe7 1-0

[Event "Sunway Sitges Open 2018"]
[Site "Sitges ESP"]
[Date "2018.12.17"]
[Round "4.7"]
[White "Stella, Andrea"]
[Black "Edouard, Romain"]
[Result "1/2-1/2"]
[WhiteTitle "GM"]
[BlackTitle "GM"]
[WhiteElo "2503"]
[BlackElo "2644"]
[WhiteFideId "827061"]
[BlackFideId "633429"]
[EventDate "2018.12.14"]

1. d4 Nf6 2. c4 e6 3. Nc3 Bb4 4. e3 O-O 5. Bd3 c5 6. a3 Bxc3+ 7. bxc3 d6 8. e4
e5 9. Ne2 Nc6 10. O-O h6 11. Rb1 b6 12. d5 Ne7 13. Ng3 Nh7 14. Nf5 Nxf5 15. exf5
Qf6 1/2-1/2

[Event "Sunway Sitges Open 2018"]
[Site "Sitges ESP"]
[Date "2018.12.17"]
[Round "4.9"]
[White "Sosa, Tomas ARG"]
[Black "Romanov, Evgeny"]
[Result "0-1"]
[WhiteTitle "IM"]
[BlackTitle "GM"]
[WhiteElo "2488"]
[BlackElo "2614"]
[WhiteFideId "121576"]
[BlackFideId "4148843"]
[EventDate "2018.12.14"]

1. e4 e5 2. Nf3 Nc6 3. Bb5 g6 4. O-O Bg7 5. c3 a6 6. Ba4 d6 7. d4 Bd7 8. d5 Nce7
9. c4 b5 10. Bb3 bxc4 11. Bxc4 h6 12. Qe2 f5 13. Nc3 Nf6 14. exf5 gxf5 15. Bd2
a5 16. Rfd1 Ng6 17. Nd4 O-O 18. Nc6 Qc8 19. f3 Kh8 20. Be3 Qe8 21. Rac1 Qf7 22.
Qd2 Bxc6 23. dxc6 Qxc4 24. Bxh6 Qf7 0-1

[Event "Sunway Sitges Open 2018"]
[Site "Sitges ESP"]
[Date "2018.12.17"]
[Round "4.11"]
[White "Santos Latasa, Jaime"]
[Black "Vasquez Schroeder, Rodrigo"]
[Result "1/2-1/2"]
[WhiteTitle "GM"]
[BlackTitle "GM"]
[WhiteElo "2584"]
[BlackElo "2495"]
[WhiteFideId "2293307"]
[BlackFideId "3400042"]
[EventDate "2018.12.14"]

1. d4 Nf6 2. c4 e6 3. Nf3 c5 4. Nc3 cxd4 5. Nxd4 Nc6 6. g3 Qb6 7. Ndb5 Ne5 8.
Bg2 a6 9. Qa4 Rb8 10. Na3 Bc5 1/2-1/2

[Event "Sunway Sitges Open 2018"]
[Site "Sitges ESP"]
[Date "2018.12.17"]
[Round "4.12"]
[White "Ahlander, Bjorn"]
[Black "Praggnanandhaa, R"]
[Result "0-1"]
[WhiteTitle "IM"]
[BlackTitle "GM"]
[WhiteElo "2417"]
[BlackElo "2530"]
[WhiteFideId "1700251"]
[BlackFideId "25059530"]
[EventDate "2018.12.14"]

1. d4 d5 2. Nf3 Bf5 3. g3 Nc6 4. Bg2 Nb4 5. Na3 e6 6. O-O Be7 7. c3 Nc6 8. Nc2
Nf6 9. Nce1 h6 10. Nd3 O-O 11. a4 a5 12. b3 Bd6 13. Bb2 Be4 14. Re1 Qb8 15. c4
Nb4 16. Rc1 Nxd3 17. exd3 Bxf3 18. Bxf3 c6 19. Qc2 Ne8 20. Bc3 Qd8 21. c5 Be7
22. Rb1 b6 23. b4 axb4 24. Bxb4 bxc5 25. dxc5 Nf6 26. d4 Nd7 27. Bd1 Bf6 28. Bc3
Qc7 29. f4 g6 30. Qd3 Bg7 31. Bc2 Nf6 32. Qd1 Qa7 33. a5 Nd7 34. Rb6 Nxc5 35.
Qd2 Nb7 36. Ra1 Nd6 37. Bd3 Rfb8 38. Rab1 Nc8 39. Rxb8 Rxb8 40. Rxb8 Qxb8 41.
Kg2 Bf6 42. Qc2 Kg7 43. Qa4 c5 44. Ba6 Na7 45. Qa3 Qc7 46. Qb2 c4 47. Qb6 Bd8
48. Qxc7 Bxc7 49. Bb7 Nb5 50. Bb4 c3 51. a6 Bb6 52. Bc6 c2 53. Bd2 Nxd4 54. Ba4
Kf6 55. g4 Ke7 56. Kf1 Kd6 57. Bb4+ Kc7 58. Ba3 Kb8 59. Ke1 Ba5+ 60. Kf2 Bd2 61.
f5 c1=Q 62. Bxc1 Bxc1 63. Be8 gxf5 64. gxf5 Nxf5 65. Bxf7 Ng7 0-1